000 00895cam a2200181 4500500
005 20260111093718.0
041 _afre
042 _adc
100 1 0 _aBenhessa, Ghislain
_eauthor
700 1 0 _aBittinger, Nathalie
_eauthor
245 0 0 _aLa lueur de la vérité
260 _c2019.
500 _a66
520 _aLe cinéma américain des années 1970 montre des héros qui dénoncent des complots. Dans les années 1980, c’est le cinéma qui se fait lanceur d’alerte. L’avenir est sans doute dans les films documentaires.
520 _aNorth-American cinema from the 1970s shows heroes uncovering conspiracies. In the 1980s, the cinema itself becomes a whistleblower. The future may belong to documentary films.
786 0 _nEsprit | Avril | 4 | 2019-03-29 | p. 95-102 | 0014-0759
856 4 1 _uhttps://shs.cairn.info/revue-esprit-2019-4-page-95?lang=fr&redirect-ssocas=7080
999 _c1627076
_d1627076